000
00217 a2200097 4500
001
47819
100
_a
Afzal Ahmad
245
_a
Ghaza our Sahat
260
_a
Lahore
_b
Sang-e-Meel Publishers
_c
090
_c
30820
_d
30820
942
_a
NUST-CAE
_c
M
_c
23137
999
_c
282892
_d
282892